[Event "Campionatul National de sah pe echipe f"]
[Site "Mamaia-Constanta"]
[Date "2013.09.01"]
[Round "2.3"]
[White "Berintan, Teodora"]
[Black "Dragomirescu, Angela"]
[Result "0-1"]
[WhiteElo "1849"]
[BlackElo "2242"]
[PlyCount "54"]
[EventDate "2013.08.31"]
[EventRounds "9"]
[WhiteTeam "CS UNIVERSITATEA ARAD"]
[BlackTeam "CS STUD. MEDICINA TIMISOARA"]

1. d4 d6 2. c4 e5 3. dxe5 dxe5 4. Qxd8+ Kxd8 5. g3 Be6 6. Bg2 c6 7. b3 Bb4+ 8.
Bd2 Bxd2+ 9. Nxd2 Nd7 10. O-O-O Kc7 11. h3 Nh6 12. e4 Nc5 13. Kc2 a5 14. Ne2 f6
15. Kc3 Nf7 16. Nf1 Rad8 17. Ne3 Rxd1 18. Nxd1 Rd8 19. Nb2 Nd6 20. f3 f5 21.
exf5 Nxf5 22. h4 Ne3 23. Bh3 b5 24. a3 Bxh3 25. Rxh3 e4 26. f4 Nd3 27. g4 b4+
0-1

[Event "Campionatul National de sah pe echipe f"]
[Site "Mamaia-Constanta"]
[Date "2013.09.01"]
[Round "2.4"]
[White "Visanescu, Daria-Ioana"]
[Black "Firaru, Roxana-Maria"]
[Result "1-0"]
[WhiteElo "2076"]
[BlackElo "1684"]
[PlyCount "57"]
[EventDate "2013.08.31"]
[EventRounds "9"]
[WhiteTeam "CS STUD. MEDICINA TIMISOARA"]
[BlackTeam "CS UNIVERSITATEA ARAD"]

1. e4 e5 2. Nf3 Nc6 3. Bc4 Bc5 4. d3 Nf6 5. Bb3 h6 6. Nbd2 d6 7. c3 O-O 8. Nf1
Be6 9. Bc2 Bb6 10. Ng3 Re8 11. O-O Bg4 12. h3 Bd7 13. a3 a6 14. d4 exd4 15.
cxd4 Qe7 16. Re1 Rad8 17. b3 Nh7 18. Qd3 Ng5 19. Nxg5 hxg5 20. Bb2 g6 21. Rad1
Kh7 22. Qf3 Qf8 23. e5 dxe5 24. dxe5 Kh6 25. h4 g4 26. Qf4+ Kh7 27. Nh5 Re7 28.
Nf6+ Kg7 29. Nxd7 1-0

[Event "Campionatul National de sah pe echipe f"]
[Site "Mamaia-Constanta"]
[Date "2013.09.01"]
[Round "2.1"]
[White "Foisor, Cristina-Adela"]
[Black "Adam, Andrea"]
[Result "1-0"]
[WhiteElo "2391"]
[BlackElo "1921"]
[PlyCount "107"]
[EventDate "2013.08.31"]
[EventRounds "9"]
[WhiteTeam "CS AEM LUXTEN TIMISOARA"]
[BlackTeam "CSS TG. MURES"]

1. c4 e5 2. Nc3 Nf6 3. Nf3 Nc6 4. e3 g6 5. d4 exd4 6. exd4 d5 7. Bg5 dxc4 8.
Bxc4 Bg7 9. Qe2+ Qe7 10. Qxe7+ Nxe7 11. O-O O-O 12. Rfe1 Nf5 13. Bb3 h6 14. Bf4
c6 15. h3 Nd5 16. Nxd5 cxd5 17. Be5 Be6 18. g4 Ne7 19. Kg2 Nc6 20. Rad1 Rac8
21. Re3 a6 22. Bxg7 Kxg7 23. Ne5 g5 24. Nxc6 Rxc6 25. Rde1 Rfc8 26. Re5 Rd6 27.
Kg3 Rc7 28. h4 Kf6 29. f4 gxf4+ 30. Kxf4 Rc8 31. g5+ hxg5+ 32. Rxg5 Rh8 33. h5
Rdd8 34. Ree5 Rhg8 35. Rxg8 Rxg8 36. Bxd5 Rg4+ 37. Ke3 Bxd5 38. Rxd5 Rg2 39.
Rd6+ Kg5 40. Rb6 Kxh5 41. Rxb7 Kg6 42. a4 a5 43. Rb8 Kf6 44. Ke4 Ke6 45. Rb6+
Kd7 46. b3 Rg3 47. Kd5 Kc7 48. Rb5 Rg5+ 49. Kc4 Rxb5 50. axb5 f5 51. d5 f4 52.
Kd4 f3 53. Ke3 Kb6 54. d6 1-0

[Event "Campionatul National de sah pe echipe f"]
[Site "Mamaia-Constanta"]
[Date "2013.09.01"]
[Round "2.2"]
[White "Sonfalean, Maria-Laura"]
[Black "Voicu-Jagodzinsky, Carmen"]
[Result "0-1"]
[WhiteElo "1581"]
[BlackElo "2296"]
[PlyCount "72"]
[EventDate "2013.08.31"]
[EventRounds "9"]
[WhiteTeam "CSS TG. MURES"]
[BlackTeam "CS AEM LUXTEN TIMISOARA"]

1. e4 c5 2. Nf3 e6 3. d4 cxd4 4. Nxd4 a6 5. c4 Nf6 6. Nc3 Qc7 7. Be2 Bb4 8. Qc2
Qe5 9. Be3 Bxc3+ 10. bxc3 Qxe4 11. Bf3 Qxc2 12. Nxc2 d6 13. Rd1 Ke7 14. c5 d5
15. Bf4 Nc6 16. Bd6+ Ke8 17. O-O Bd7 18. Rfe1 Na5 19. Ne3 Kd8 20. Rb1 Bb5 21.
a4 Bd3 22. Rb4 Kc8 23. Rd1 Bc4 24. Nxc4 Nxc4 25. Be2 Nxd6 26. cxd6 Ne4 27. c4
Nxd6 28. cxd5 e5 29. Bg4+ f5 30. Be2 Kd7 31. f3 Rac8 32. Bd3 Rc3 33. Kf2 g6 34.
Ke2 Rcc8 35. Rdb1 Rc5 36. Rb6 e4 0-1

[Event "Campionatul National de sah pe echipe f"]
[Site "Mamaia-Constanta"]
[Date "2013.09.01"]
[Round "2.3"]
[White "Foisor, Mihaela-Veronica"]
[Black "Magarin, Semela-Amara"]
[Result "1-0"]
[WhiteElo "2212"]
[BlackElo "1426"]
[PlyCount "81"]
[EventDate "2013.08.31"]
[EventRounds "9"]
[WhiteTeam "CS AEM LUXTEN TIMISOARA"]
[BlackTeam "CSS TG. MURES"]

1. d4 d5 2. c4 e6 3. Nc3 Nf6 4. cxd5 Nxd5 5. e4 Nf6 6. Nf3 Bb4 7. Bg5 h6 8.
Bxf6 Qxf6 9. Qa4+ Nc6 10. Ne5 Bd7 11. Nxc6 Bxc3+ 12. bxc3 Bxc6 13. Bb5 O-O 14.
Bxc6 bxc6 15. Qxc6 a5 16. O-O e5 17. Qxf6 gxf6 18. d5 Rab8 19. Rab1 Rfd8 20. c4
Kf8 21. f3 Ke7 22. c5 h5 23. a4 Rb4 24. Rxb4 axb4 25. Rb1 Rb8 26. Rb3 Kd7 27.
Kf2 h4 28. Ke3 Rg8 29. Rb2 b3 30. Rxb3 Rxg2 31. Ra3 Rxh2 32. a5 Rb2 33. a6 Rb8
34. a7 Ra8 35. Kf2 c6 36. d6 Ke6 37. Kg2 f5 38. exf5+ Kxf5 39. d7 Ke6 40. d8=Q
Rxd8 41. a8=Q 1-0

[Event "Campionatul National de sah pe echipe f"]
[Site "Mamaia-Constanta"]
[Date "2013.09.01"]
[Round "2.4"]
[White "Petculescu, Carina-Stefania"]
[Black "Cosman, Andreea-Marioara"]
[Result "0-1"]
[WhiteElo "1001"]
[BlackElo "1944"]
[PlyCount "49"]
[EventDate "2013.08.31"]
[EventRounds "9"]
[WhiteTeam "CSS TG. MURES"]
[BlackTeam "CS AEM LUXTEN TIMISOARA"]

1. e4 c5 2. Nf3 d6 3. d4 cxd4 4. Nxd4 Nf6 5. Nc3 a6 6. Be2 e5 7. Nf3 Be7 8. O-O
O-O 9. h3 b5 10. Be3 Bb7 11. Bd3 Nbd7 12. Qd2 b4 13. Nd5 Bxd5 14. exd5 e4 15.
Bxe4 Nxe4 16. Qd4 Ndc5 17. Qxb4 Rb8 18. Qa3 Bf6 19. c3 Qd7 20. Rab1 Qa4 21.
Qxa4 Nxa4 22. Bc1 Nexc3 23. Ra1 Nxd5 24. Bg5 Bxb2 25. Rad1 0-1

[Event "Campionatul National de sah pe echipe f"]
[Site "Mamaia-Constanta"]
[Date "2013.09.01"]
[Round "2.1"]
[White "Raeva, Elitsa"]
[Black "Papp, Petra"]
[Result "0-1"]
[WhiteElo "2292"]
[BlackElo "2276"]
[PlyCount "64"]
[EventDate "2013.08.31"]
[EventRounds "9"]
[WhiteTeam "CS  SÎNANDREI"]
[BlackTeam "CSM LUGOJ"]

1. d4 Nf6 2. Nf3 g6 3. Bg5 Bg7 4. e3 O-O 5. Bd3 c5 6. c3 d6 7. Qc2 Qc7 8. Nbd2
a6 9. a4 b6 10. h4 h6 11. Bxf6 Bxf6 12. Ne4 Bg7 13. Ng3 e6 14. Qe2 Nc6 15. Rd1
Bb7 16. Bb1 cxd4 17. exd4 Ne7 18. h5 Bd5 19. Nh4 g5 20. Nf3 f5 21. Bd3 Bb3 22.
O-O e5 23. Rde1 e4 24. Nxe4 fxe4 25. Qxe4 Rfe8 26. Nd2 Bf7 27. Qh7+ Kf8 28. f4
g4 29. f5 Bg8 30. f6 Bxh7 31. fxe7+ Kg8 32. Bc4+ Kh8 0-1

[Event "Campionatul National de sah pe echipe f"]
[Site "Mamaia-Constanta"]
[Date "2013.09.01"]
[Round "2.2"]
[White "Jicman, Ligia-Letitia"]
[Black "Ionica, Iulia-Ionela"]
[Result "1/2-1/2"]
[WhiteElo "2143"]
[BlackElo "2195"]
[PlyCount "113"]
[EventDate "2013.08.31"]
[EventRounds "9"]
[WhiteTeam "CSM LUGOJ"]
[BlackTeam "CS  SÎNANDREI"]

1. e4 c5 2. Nf3 e6 3. c3 Nf6 4. e5 Nd5 5. d4 cxd4 6. cxd4 d6 7. a3 Bd7 8. Bd3
Bc6 9. O-O Nd7 10. Re1 Be7 11. Nbd2 dxe5 12. dxe5 Nc5 13. Bc2 Nf4 14. Nc4 Nfd3
15. Re3 Nxc1 16. Qxc1 b5 17. Ncd2 Rc8 18. Rc3 Bb7 19. b4 Nd7 20. Be4 Rxc3 21.
Qxc3 Bxe4 22. Nxe4 O-O 23. Qc6 Nxe5 24. Qxb5 Nxf3+ 25. gxf3 f5 26. Ng3 Qd6 27.
Qe2 h6 28. Rd1 Qb6 29. Qe3 Qxe3 30. fxe3 Rd8 31. Rxd8+ Bxd8 32. Kf2 Bb6 33. Ke2
Kf7 34. a4 Bc7 35. f4 g5 36. Kf3 Kf6 37. Ne2 e5 38. Nc3 g4+ 39. Kg3 Ke6 40. a5
exf4+ 41. exf4 h5 42. Nb5 Bb8 43. Nd4+ Kd5 44. Nxf5 Ke4 45. Ne7 Bxf4+ 46. Kg2
Bd2 47. Nc6 a6 48. Nb8 Bxb4 49. Nxa6 Bxa5 50. h3 Kf4 51. hxg4 hxg4 52. Nc5 Bb6
53. Nd3+ Kf5 54. Kg3 Bc7+ 55. Kg2 g3 56. Nf2 gxf2 57. Kxf2 1/2-1/2

[Event "Campionatul National de sah pe echipe f"]
[Site "Mamaia-Constanta"]
[Date "2013.09.01"]
[Round "2.3"]
[White "Rendi, Eva"]
[Black "Craciun, Paula-Iulia"]
[Result "0-1"]
[WhiteElo "2101"]
[BlackElo "2117"]
[PlyCount "80"]
[EventDate "2013.08.31"]
[EventRounds "9"]
[WhiteTeam "CS  SÎNANDREI"]
[BlackTeam "CSM LUGOJ"]

1. e4 c5 2. Nf3 Nc6 3. c3 e5 4. d4 exd4 5. cxd4 cxd4 6. Nxd4 Nf6 7. Nxc6 dxc6
8. Qc2 Be6 9. Be2 Qd4 10. Bf3 Bb4+ 11. Bd2 Rd8 12. a3 Bxd2+ 13. Nxd2 Ng4 14.
Bxg4 Bxg4 15. Nb3 Qa4 16. Rc1 O-O 17. O-O b6 18. Nd2 Qxc2 19. Rxc2 c5 20. Nc4
Rfe8 21. f3 Be6 22. Rfc1 Rd4 23. Kf1 f6 24. Nd2 Red8 25. Nb1 Bb3 26. Rc3 c4 27.
Ke1 b5 28. Ke2 a5 29. g4 b4 30. axb4 axb4 31. Re3 Bd1+ 32. Ke1 Ba4 33. Ke2 Bb5
34. Ke1 Ra8 35. Rd1 Rxd1+ 36. Kxd1 Ra1 37. Kc2 Ba4+ 38. b3 Bxb3+ 39. Kc1 c3 40.
h4 Ba2 0-1

[Event "Campionatul National de sah pe echipe f"]
[Site "Mamaia-Constanta"]
[Date "2013.09.01"]
[Round "2.4"]
[White "Taposu-Matei, Alexandra"]
[Black "Nevednicii, Alexandra"]
[Result "1/2-1/2"]
[WhiteElo "1784"]
[BlackElo "1682"]
[PlyCount "84"]
[EventDate "2013.08.31"]
[EventRounds "9"]
[WhiteTeam "CSM LUGOJ"]
[BlackTeam "CS  SÎNANDREI"]

1. d4 d5 2. Nf3 Nf6 3. c4 c6 4. cxd5 cxd5 5. Nc3 e6 6. Bg5 Be7 7. e3 Nc6 8. Be2
O-O 9. O-O h6 10. Bh4 Bd7 11. Rc1 Rc8 12. Nd2 Ne8 13. Bxe7 Qxe7 14. a3 f5 15.
Nf3 Qf6 16. Na4 b6 17. Nc3 Nd6 18. Nb5 Nxb5 19. Bxb5 Nb8 20. Qb3 Qd8 21. Ne5
Bxb5 22. Qxb5 Rc7 23. Qb4 Nd7 24. Ng6 Re8 25. Qd6 Rb7 26. Nf4 Nf8 27. Qc6 Qd7
28. Qxd7 Rxd7 29. Rc6 Ree7 30. Rfc1 Kf7 31. Kf1 Ng6 32. Nxg6 Kxg6 33. Ke2 Kf7
34. Kf3 Kf6 35. Kf4 g5+ 36. Kf3 Kf7 37. Ke2 Kg7 38. g3 Kg6 39. Kf3 Kf7 40. Ke2
Rd8 41. Rc7 Rdd7 42. Rc8 Re8 1/2-1/2

[Event "Campionatul National de sah pe echipe f"]
[Site "Mamaia-Constanta"]
[Date "2013.09.02"]
[Round "3.1"]
[White "Papp, Petra"]
[Black "Marin, Irina-Luiza"]
[Result "1-0"]
[WhiteElo "2276"]
[BlackElo "2130"]
[PlyCount "95"]
[EventDate "2013.08.31"]
[EventRounds "9"]
[WhiteTeam "CSM LUGOJ"]
[BlackTeam "CLUBUL CENTRAL DE SAH BUCURESTI"]

1. e4 d6 2. d4 Nf6 3. Nc3 g6 4. f4 Bg7 5. Nf3 O-O 6. Bd3 Na6 7. O-O c5 8. d5
Bg4 9. Bc4 Nc7 10. h3 Bxf3 11. Qxf3 e6 12. dxe6 fxe6 13. Be3 b6 14. Rad1 Qe7
15. a4 Kh8 16. Bc1 Rad8 17. Kh2 Nd7 18. Qe2 Nb8 19. Nb5 Nxb5 20. axb5 Nd7 21.
c3 Nf6 22. g3 Rfe8 23. Bb3 d5 24. e5 Nd7 25. c4 d4 26. Bd2 Nf8 27. Bc2 Qc7 28.
h4 Re7 29. Be4 Rf7 30. Rf3 Nd7 31. Ra3 Nxe5 32. fxe5 Bxe5 33. Bh6 Rdd7 34. Bc6
Rd8 35. Rf3 Rxf3 36. Qxf3 Qd6 37. Be4 Kg8 38. Kg2 Bg7 39. Bxg7 Kxg7 40. Rf1 Qe7
41. h5 e5 42. hxg6 hxg6 43. Bxg6 Rd6 44. Be4 Rh6 45. Qg4+ Kh8 46. Qc8+ Kg7 47.
Bd5 Kg6 48. Qg8+ 1-0

[Event "Campionatul National de sah pe echipe f"]
[Site "Mamaia-Constanta"]
[Date "2013.09.02"]
[Round "3.2"]
[White "Baciu, Anca-Otilia"]
[Black "Uta, Adeline-Ramona"]
[Result "1/2-1/2"]
[WhiteElo "2126"]
[BlackElo "2081"]
[PlyCount "50"]
[EventDate "2013.08.31"]
[EventRounds "9"]
[WhiteTeam "CLUBUL CENTRAL DE SAH BUCURESTI"]
[BlackTeam "CSM LUGOJ"]

1. e4 c5 2. Nf3 d6 3. d4 cxd4 4. Nxd4 Nf6 5. Nc3 a6 6. Bc4 e6 7. Bb3 Be7 8. O-O
b5 9. f4 Bb7 10. Be3 b4 11. Nd5 exd5 12. e5 dxe5 13. fxe5 O-O 14. exf6 Bxf6 15.
c3 bxc3 16. bxc3 Nd7 17. Qh5 g6 18. Qh3 Rc8 19. Bh6 Bg7 20. Bxg7 Kxg7 21. Rxf7+
Kxf7 22. Qxh7+ Kf6 23. Qh4+ Kf7 24. Qh7+ Kf6 25. Qh4+ Kf7 1/2-1/2

[Event "Campionatul National de sah pe echipe f"]
[Site "Mamaia-Constanta"]
[Date "2013.09.02"]
[Round "3.1"]
[White "Adam, Andrea"]
[Black "Raeva, Elitsa"]
[Result "0-1"]
[WhiteElo "1921"]
[BlackElo "2292"]
[PlyCount "78"]
[EventDate "2013.08.31"]
[EventRounds "9"]
[WhiteTeam "CSS TG. MURES"]
[BlackTeam "CS  SÎNANDREI"]

1. e4 c5 2. c3 d5 3. exd5 Qxd5 4. d4 Nc6 5. Nf3 e6 6. Be2 cxd4 7. cxd4 Nf6 8.
Nc3 Qd8 9. O-O Be7 10. Be3 O-O 11. Qb3 b6 12. Rfd1 Bb7 13. Ne5 Nb4 14. Bf3 Bxf3
15. Nxf3 h6 16. Bf4 Rc8 17. Rac1 Nbd5 18. Be5 Qd7 19. Rc2 Rfd8 20. h3 Qb7 21.
a3 Nxc3 22. bxc3 Qe4 23. Rcd2 Qd5 24. Qb2 Qa5 25. Rc2 Ne4 26. c4 Bxa3 27. Qb3
Bf8 28. Ra2 Qc3 29. Qb1 Qxc4 30. Nd2 Nxd2 31. Raxd2 b5 32. Ra2 Rd7 33. Qa1 b4
34. Rxa7 Rxa7 35. Qxa7 Qe2 36. Qa1 Rc2 37. Rf1 b3 38. Bf4 b2 39. Qa2 Qxf1+ 0-1

[Event "Campionatul National de sah pe echipe f"]
[Site "Mamaia-Constanta"]
[Date "2013.09.02"]
[Round "3.2"]
[White "Ionica, Iulia-Ionela"]
[Black "Sonfalean, Maria-Laura"]
[Result "1-0"]
[WhiteElo "2195"]
[BlackElo "1581"]
[PlyCount "49"]
[EventDate "2013.08.31"]
[EventRounds "9"]
[WhiteTeam "CS  SÎNANDREI"]
[BlackTeam "CSS TG. MURES"]

1. e4 e5 2. Nf3 Nc6 3. Nc3 Nf6 4. Bb5 d6 5. d4 exd4 6. Nxd4 Bd7 7. Bxc6 bxc6 8.
O-O Be7 9. Qf3 c5 10. Nf5 O-O 11. Nxe7+ Qxe7 12. Bg5 c6 13. Bxf6 gxf6 14. Rfd1
Kh8 15. Qg3 d5 16. exd5 Rg8 17. Qe3 Qf8 18. d6 c4 19. Qf4 Qg7 20. g3 Be6 21. b3
cxb3 22. axb3 f5 23. Na4 Rgd8 24. Nc5 Qc3 25. Qd4+ 1-0

[Event "Campionatul National de sah pe echipe f"]
[Site "Mamaia-Constanta"]
[Date "2013.09.02"]
[Round "3.3"]
[White "Magarin, Semela-Amara"]
[Black "Rendi, Eva"]
[Result "0-1"]
[WhiteElo "1426"]
[BlackElo "2101"]
[PlyCount "60"]
[EventDate "2013.08.31"]
[EventRounds "9"]
[WhiteTeam "CSS TG. MURES"]
[BlackTeam "CS  SÎNANDREI"]

1. e4 c5 2. Nf3 d6 3. Nc3 Nc6 4. Bb5 e5 5. d3 Nf6 6. Nd5 Nxd5 7. exd5 Qa5+ 8.
c3 Qxb5 9. dxc6 Qxc6 10. O-O Bf5 11. Re1 O-O-O 12. Ng5 Bg6 13. Qg4+ Qd7 14.
Qxd7+ Rxd7 15. d4 h6 16. Nf3 e4 17. Nh4 Bh7 18. g4 d5 19. Be3 b6 20. a3 c4 21.
a4 Be7 22. Ng2 f5 23. h3 g5 24. Bd2 Bg6 25. Ne3 f4 26. Ng2 h5 27. Rf1 hxg4 28.
hxg4 Bd8 29. a5 f3 30. axb6 Rdh7 0-1

[Event "Campionatul National de sah pe echipe f"]
[Site "Mamaia-Constanta"]
[Date "2013.09.02"]
[Round "3.4"]
[White "Nevednicii, Alexandra"]
[Black "Petculescu, Carina-Stefania"]
[Result "1-0"]
[WhiteElo "1682"]
[BlackElo "1001"]
[PlyCount "98"]
[EventDate "2013.08.31"]
[EventRounds "9"]
[WhiteTeam "CS  SÎNANDREI"]
[BlackTeam "CSS TG. MURES"]

1. e4 e5 2. Nf3 Nc6 3. Bc4 Nf6 4. d3 Bc5 5. O-O O-O 6. c3 d5 7. exd5 Nxd5 8.
Re1 Re8 9. d4 Nb6 10. Bxf7+ Kxf7 11. Ng5+ Kg8 12. Qb3+ Qd5 13. Qxd5+ Nxd5 14.
dxc5 Bf5 15. Ne4 Bxe4 16. Rxe4 Nf6 17. Re1 Rad8 18. Na3 Ne4 19. Be3 Rd3 20. f3
Nf6 21. Rad1 Rxd1 22. Rxd1 e4 23. fxe4 Rxe4 24. Bd4 Nxd4 25. Rxd4 Re8 26. Nb5
Re1+ 27. Kf2 Rb1 28. b4 Rb2+ 29. Kf3 Rxa2 30. Nxc7 a5 31. Rd8+ Kf7 32. Ra8 a4
33. Nb5 Nd5 34. Ra7 Kf6 35. Rxb7 Nxc3 36. Nxc3 Ra3 37. Ra7 Rxc3+ 38. Ke2 a3 39.
Kd2 Rb3 40. c6 Rxb4 41. Rxa3 Ke6 42. Rc3 Rd4+ 43. Ke3 Rd8 44. Ke4 h6 45. c7 Rc8
46. Kf4 Kf7 47. Rc6 h5 48. Kg5 g6 49. g3 Kg7 1-0

[Event "Campionatul National de sah pe echipe f"]
[Site "Mamaia-Constanta"]
[Date "2013.09.02"]
[Round "3.1"]
[White "Atalik, Ekaterina"]
[Black "Danielian, Elina"]
[Result "0-1"]
[WhiteElo "2431"]
[BlackElo "2470"]
[PlyCount "78"]
[EventDate "2013.08.31"]
[EventRounds "9"]
[WhiteTeam "CS STUD. MEDICINA TIMISOARA"]
[BlackTeam "CS AEM LUXTEN TIMISOARA"]

1. d4 Nf6 2. c4 e6 3. Nc3 Bb4 4. e3 O-O 5. Bd3 c5 6. Nf3 d5 7. O-O Nc6 8. cxd5
exd5 9. dxc5 Bxc5 10. h3 Re8 11. b3 a6 12. Bb2 Qd6 13. Rc1 Bb6 14. Ne2 Bd7 15.
Bb1 Rad8 16. Nf4 d4 17. Ne2 Ne4 18. Nexd4 Qh6 19. Bxe4 Rxe4 20. Qc2 Rde8 21.
Nxc6 Bxc6 22. Nd4 Bd7 23. Ne2 Qg5 24. Ng3 Bc6 25. Bd4 Rxd4 26. exd4 Qd5 27. f4
h5 28. Rce1 Rxe1 29. Rxe1 Qxd4+ 30. Kh2 Qxf4 31. Qf5 Bc7 32. Qxf4 Bxf4 33. h4
g5 34. Rf1 Bc7 35. hxg5 h4 36. Rf6 hxg3+ 37. Kh3 Kg7 38. a3 Be5 39. Rf1 Kg6 0-1

[Event "Campionatul National de sah pe echipe f"]
[Site "Mamaia-Constanta"]
[Date "2013.09.02"]
[Round "3.2"]
[White "Foisor, Cristina-Adela"]
[Black "Sandu, Mihaela"]
[Result "1-0"]
[WhiteElo "2391"]
[BlackElo "2254"]
[PlyCount "69"]
[EventDate "2013.08.31"]
[EventRounds "9"]
[WhiteTeam "CS AEM LUXTEN TIMISOARA"]
[BlackTeam "CS STUD. MEDICINA TIMISOARA"]

1. Nf3 Nf6 2. c4 g6 3. Nc3 Bg7 4. g3 O-O 5. Bg2 d6 6. d4 Nc6 7. O-O a6 8. Re1
Rb8 9. Rb1 Na5 10. Qd3 b5 11. cxb5 axb5 12. b4 Nc4 13. d5 Bd7 14. a4 Ng4 15.
axb5 Nge5 16. Nxe5 Nxe5 17. Qc2 Ra8 18. h3 Re8 19. Kh2 Qb8 20. e4 Bxb5 21. Nxb5
Qxb5 22. Rb3 Reb8 23. Be3 Qa4 24. Rc1 h5 25. f4 Nd7 26. e5 Rxb4 27. Rxb4 Qxb4
28. Qxc7 Ra2 29. Qxd7 Qe4 30. Rg1 Qxe3 31. Qe8+ Kh7 32. Qxf7 h4 33. gxh4 dxe5
34. d6 exd6 35. Qxa2 1-0

[Event "Campionatul National de sah pe echipe f"]
[Site "Mamaia-Constanta"]
[Date "2013.09.02"]
[Round "3.3"]
[White "Dragomirescu, Angela"]
[Black "Voicu-Jagodzinsky, Carmen"]
[Result "1/2-1/2"]
[WhiteElo "2242"]
[BlackElo "2296"]
[PlyCount "94"]
[EventDate "2013.08.31"]
[EventRounds "9"]
[WhiteTeam "CS STUD. MEDICINA TIMISOARA"]
[BlackTeam "CS AEM LUXTEN TIMISOARA"]

1. d4 Nf6 2. c4 c5 3. d5 e6 4. Nc3 exd5 5. cxd5 d6 6. Nf3 g6 7. Bf4 a6 8. a4
Bg7 9. h3 Nh5 10. Bh2 f5 11. e3 O-O 12. Be2 f4 13. O-O Bh6 14. Ne4 Nd7 15. Nxd6
fxe3 16. fxe3 Bxe3+ 17. Kh1 Ndf6 18. Bc4 g5 19. Ra3 Bf4 20. Nxc8 Qxc8 21. d6+
Kh8 22. Bxf4 gxf4 23. Re1 Ng3+ 24. Kg1 Nfe4 25. Qd5 Nf6 26. Qe5 Qf5 27. Be6
Qxe5 28. Nxe5 Kg7 29. Rb3 Rab8 30. Nd7 Nxd7 31. Bxd7 Rf6 32. Be6 b5 33. axb5
axb5 34. Ra3 Kg6 35. Ra7 Rb6 36. Rd7 Nf5 37. Bxf5+ Kxf5 38. Rd1 Rb8 39. Rc7 c4
40. d7 Rd8 41. Rc5+ Ke6 42. Rxb5 Rxd7 43. Rb6+ Ke5 44. Rb5+ Ke6 45. Rb6+ Ke5
46. Re1+ Kf5 47. Rxf6+ Kxf6 1/2-1/2

[Event "Campionatul National de sah pe echipe f"]
[Site "Mamaia-Constanta"]
[Date "2013.09.02"]
[Round "3.4"]
[White "Foisor, Mihaela-Veronica"]
[Black "Visanescu, Daria-Ioana"]
[Result "1-0"]
[WhiteElo "2212"]
[BlackElo "2076"]
[PlyCount "55"]
[EventDate "2013.08.31"]
[EventRounds "9"]
[WhiteTeam "CS AEM LUXTEN TIMISOARA"]
[BlackTeam "CS STUD. MEDICINA TIMISOARA"]

1. c4 Nf6 2. g3 g6 3. Bg2 Bg7 4. Nc3 O-O 5. e4 d6 6. Nge2 Nc6 7. O-O e5 8. d3
Be6 9. Nd5 Nd7 10. Be3 h6 11. Qd2 Kh7 12. b4 f5 13. Rac1 Bxd5 14. exd5 Ne7 15.
d4 Nf6 16. dxe5 dxe5 17. Rfd1 Qd7 18. d6 cxd6 19. Qxd6 Qxd6 20. Rxd6 e4 21. Nf4
Nc6 22. Ne6 Rf7 23. Nxg7 Kxg7 24. b5 Nb4 25. Bd4 b6 26. f3 exf3 27. Bxf3 Re8
28. a3 1-0

[Event "Campionatul National de sah pe echipe f"]
[Site "Mamaia-Constanta"]
[Date "2013.09.02"]
[Round "3.1"]
[White "Peptan, Corina-Isabela"]
[Black "Florea, Dorina"]
[Result "1-0"]
[WhiteElo "2434"]
[BlackElo "1863"]
[PlyCount "93"]
[EventDate "2013.08.31"]
[EventRounds "9"]
[WhiteTeam "CSM BUCURESTI"]
[BlackTeam "CS UNIVERSITATEA ARAD"]

1. e4 c5 2. Nf3 d6 3. Bc4 e6 4. O-O Nf6 5. Re1 Be7 6. Bb3 Nc6 7. c3 O-O 8. h3
b5 9. d4 Bb7 10. Nbd2 c4 11. Bc2 e5 12. Nf1 Qc7 13. Ne3 exd4 14. Nxd4 Nxd4 15.
Qxd4 Qc5 16. Nf5 Rfe8 17. Qxc5 dxc5 18. Bg5 Nd5 19. Bxe7 Nxe7 20. Nd6 Reb8 21.
Nxb5 Rd8 22. Rad1 a5 23. a4 Rab8 24. b3 cxb3 25. Bxb3 Rxd1 26. Rxd1 Bxe4 27.
Bxf7+ Kxf7 28. Nd6+ Kf8 29. Nxe4 Rb3 30. Rd3 c4 31. Rd4 Rb1+ 32. Kh2 Ra1 33.
Rxc4 Nd5 34. Rc5 Rxa4 35. Rxd5 Rxe4 36. Rxa5 Rc4 37. Rf5+ Ke7 38. Rf3 g5 39.
Kg3 h6 40. Re3+ Kd6 41. Kf3 Kd5 42. Ke2 Rf4 43. Rf3 Re4+ 44. Kd3 Re6 45. Rf5+
Kc6 46. c4 Rd6+ 47. Kc3 1-0

[Event "Campionatul National de sah pe echipe f"]
[Site "Mamaia-Constanta"]
[Date "2013.09.02"]
[Round "3.1"]
[White "Lagno, Kateryna"]
[Black "Cosma, Elena-Luminita"]
[Result "1-0"]
[WhiteElo "2542"]
[BlackElo "2328"]
[PlyCount "48"]
[EventDate "2013.08.31"]
[EventRounds "9"]
[WhiteTeam "CS POLITEHNICA-ANTIBIOTICE IASI"]
[BlackTeam "ACS SAH APA NOVA BUCURESTI"]

1. e4 e6 2. d4 d5 3. Nc3 Nf6 4. e5 Nfd7 5. f4 c5 6. Nf3 Qb6 7. Be3 a6 8. Rb1
Qa7 9. Qd2 Nc6 10. Ne2 b5 11. c3 g6 12. Ng3 Bb7 13. Bd3 cxd4 14. Nxd4 Bc5 15.
Nge2 Ne7 16. O-O Bb6 17. b4 Rc8 18. Kh1 h5 19. Bf2 Qb8 20. a4 bxa4 21. Qa2 Nf5
22. Qxa4 Nxd4 23. Nxd4 Rxc3 24. Nf5 gxf5 {indescifrabil 1-0 mutarea 48} 1-0

[Event "Campionatul National de sah pe echipe f"]
[Site "Mamaia-Constanta"]
[Date "2013.09.03"]
[Round "4.2"]
[White "Chirita, Andra-Marina"]
[Black "Baciu, Anca-Otilia"]
[Result "1/2-1/2"]
[WhiteElo "2024"]
[BlackElo "2126"]
[PlyCount "87"]
[EventDate "2013.08.31"]
[EventRounds "9"]
[WhiteTeam "ACS SAH APA NOVA BUCURESTI"]
[BlackTeam "CLUBUL CENTRAL DE SAH BUCURESTI"]

1. d4 Nf6 2. Nf3 e6 3. c4 b6 4. g3 Bb7 5. Bg2 Bb4+ 6. Bd2 Qe7 7. Nc3 O-O 8. O-O
Bxc3 9. Bxc3 Ne4 10. Qc2 f5 11. b4 Nxc3 12. Qxc3 d6 13. Rac1 Nd7 14. Rfe1 Rae8
15. c5 Nf6 16. cxd6 cxd6 17. Qc7 f4 18. a3 e5 19. dxe5 dxe5 20. Nh4 Bxg2 21.
Kxg2 Qe6 22. Qc4 fxg3 23. hxg3 e4 24. Qxe6+ Rxe6 25. f4 exf3+ 26. exf3 Rxe1 27.
Rxe1 Rd8 28. Re7 Rd7 29. Nf5 Kf8 30. Rxd7 Nxd7 31. Nd6 a6 32. f4 b5 $11 33. Kf3
Nb6 34. Ke4 Ke7 35. Nf5+ Kf6 36. Ne3 h5 37. Kd4 g5 38. fxg5+ Kxg5 39. Kc5 Nd7+
40. Kd5 Nb6+ 41. Kc5 Nd7+ 42. Kd5 Nf6+ 43. Kd4 Nd7 44. Kd5 1/2-1/2

[Event "Campionatul National de sah pe echipe f"]
[Site "Mamaia-Constanta"]
[Date "2013.09.03"]
[Round "4.3"]
[White "Vasilescu, Maria"]
[Black "Ilie, Maria-Ruxandra"]
[Result "0-1"]
[WhiteElo "1880"]
[BlackElo "2011"]
[PlyCount "110"]
[EventDate "2013.08.31"]
[EventRounds "9"]
[WhiteTeam "CLUBUL CENTRAL DE SAH BUCURESTI"]
[BlackTeam "ACS SAH APA NOVA BUCURESTI"]

1. e4 c5 2. Nf3 e6 3. d4 cxd4 4. Nxd4 Nf6 5. Nc3 Nc6 6. Ndb5 Bc5 7. Bf4 O-O 8.
Be2 a6 9. Bd6 Bxd6 10. Nxd6 b5 11. O-O Ne8 12. f4 Qb6+ 13. Kh1 Nd4 14. Nxc8
Rxc8 15. Bd3 f5 16. g4 g6 17. gxf5 exf5 18. Nd5 Qd6 19. c3 Ne6 20. Qf3 fxe4 21.
Bxe4 N8g7 22. Rad1 Ng5 23. Nf6+ Qxf6 24. fxg5 Qxg5 25. Qd3 Rxf1+ 26. Rxf1 Rf8
27. Rg1 Qe5 28. Qd5+ Qxd5 29. Bxd5+ Ne6 30. Kg2 Kg7 31. Bxe6 dxe6 32. Rd1 Kf6
33. Rd6 Ra8 34. Rd7 h5 35. Kf3 Rc8 36. Rd6 a5 37. Ra6 a4 38. Rb6 Rc5 39. Ke4 a3
40. bxa3 Rxc3 41. Rxb5 Rxa3 42. Rb2 Ra4+ 43. Ke3 Kf5 44. Rf2+ Ke5 45. Rb2 Ra3+
46. Kf2 g5 47. Rb5+ Kf4 48. h4 Rxa2+ 49. Ke1 g4 50. Rxh5 g3 51. Kf1 Kg4 52. Rh6
g2+ 53. Kg1 Kh3 54. Rg6 Ra1+ 55. Kf2 Rf1+ 0-1